00383nam a22001337a 450000500170000000800410001704100130005808200130007110000130008424500520009726000480014930000260019765000260022320240318143622.0240318b |||||||| |||| 00| 0 eng d aEnglish  a349 IND  lEnglish  aIndustrial Law Journal : cedited by M Brassey  aCape Town : bJuta and Company Ltd, c1985  b126 pages ; c25 cm.  aLegal practice bLaw